000 004640000a22001330004500
090 _aAS
_bSeriadas
245 1 0 _aReproducción del cucarachero común (<Troglodytes aëdon, aves, Troglodytidae>) en el Valle del Cauca
041 0 _aEspañol
700 1 _aHeredia Flores, María Dolores
_999214
700 1 _aHernández Pizarro, María Claudia
_999215
100 1 _aAlvarez López, Humberto
_912714
942 _cARTICULO
773 1 _tCaldasia
_345
_h66
_q85-123
_d1984
_g14
999 _c14345
_d14345